| 000 | 00498nam a2200181Ia 4500 | ||
|---|---|---|---|
| 005 | 20250326125554.0 | ||
| 008 | 250326s9999 xx 000 0 und d | ||
| 037 | _aTextbook | ||
| 040 |
_aFMSL _beng _cFMSL |
||
| 041 |
_aeng _2eng |
||
| 084 |
_aX:51 L19 _qFMSL |
||
| 100 |
_aLawrence R L _9739325 |
||
| 245 | 0 |
_aModern marketing management _cLawrence R L |
|
| 260 |
_aEngland _bEngland, Penguin Books _c1971 |
||
| 300 | _a414p | ||
| 942 |
_cTB _hX:51 L19 |
||
| 999 |
_c1278631 _d1278631 |
||